00562nam a22001697a 4500003001100000005001700011008004100028020001500069040003900084041000800123082001700131100003200148245007700180260006300257300002000320650005200340LK-CoMWRAF20231010153514.0231010b2002 |||||||| |||| 00| 0 eng d a9555800695 aLK-CoMWRAFdLK-CoMWRAFeLK-CoMWRAF aeng a346.013bFAV aFavero-Karunaratna, Rossana aSudu: ba reflection on the legal status of foreign spouses in Sri Lanka aColombo: bInternational Centre for Ethnic Studies, c2002 a 60 p. ; 23 cm. aFOREIGN SPOUSES--Legal status, laws,-Sri Lanka.